Financing development issues for a south agenda

I tiakina i:
Ngā taipitopito rārangi puna kōrero
Kaituhi rangatōpū: South Centre (Author)
Hōputu: Pukapuka
Reo:Ingarihi
I whakaputaina: Ginebra South Centre 1999
Ngā marau:
Ngā Tūtohu: Tāpirihia he Tūtohu
Kāore He Tūtohu, Me noho koe te mea tuatahi ki te tūtohu i tēnei pūkete!

MARC

LEADER 00000nam a2200000 a 4500
001 UCP6299
003 CL-VaPUC
008 991021e19990000SZ |||||||||||||||||eng|d
082 0 4 |a 337.1  |b SOU  |2 21 
110 2 |a South Centre  |e author  |9 435318 
245 1 0 |a Financing development issues for a south agenda 
300 |a 99 p 
942 |c BK 
945 |d 19991021 00:00:00  |a rbrito 
260 |a Ginebra  |b South Centre  |c 1999 
650 7 |a COMERCIO INTERNACIONAL  |2 CL-VaPUC  |9 435319 
650 0 |a Desarrollo económico  |9 259599 
650 0 |a Política económica   |9 255029 
651 7 |a SUD AFRICA  |2 CL-VaPUC  |9 435320 
583 |a last modification  |c 19991021 00:00:00  |k Rodrigo Vera 
999 |c 283893  |d 283891 
952 |0 0  |1 0  |4 0  |6 337_100000000000000_SOU_1999  |7 0  |8 A  |9 327422  |a BIBGIM  |b BIBGIM  |d 2019-11-20  |i 3561054  |o 337.1 SOU 1999  |p 3561054  |r 2025-01-15  |w 2019-11-20  |y BK  |k GIM 
952 |0 0  |1 0  |4 0  |6 337_100000000000000_SOU_1999  |7 0  |8 P  |9 327423  |a BIBEDU  |b BIBEDU  |c BIBEDU_PB  |d 2019-11-20  |i 3565467  |o 337.1 SOU 1999  |p 3565467  |r 2024-01-25  |w 2019-11-20  |y BK  |k BME 
952 |0 0  |1 0  |4 0  |6 337_100000000000000_SOU_1999  |7 0  |8 A  |9 327424  |a BIBING  |b BIBING  |d 2019-11-20  |i 3560872  |o 337.1 SOU 1999  |p 3560872  |r 2025-01-20  |w 2019-11-20  |y BK  |k EII